Current Criminal Reports Vol.III (Record no. 20315)

MARC details
000 -LEADER
fixed length control field 00300nam a22001217a 4500
008 - FIXED-LENGTH DATA ELEMENTS--GENERAL INFORMATION
fixed length control field 231204b |||||||| |||| 00| 0 eng d
100 ## - MAIN ENTRY--AUTHOR NAME
Personal name Pradeep Bahl
245 ## - TITLE STATEMENT
Title Current Criminal Reports Vol.III
260 ## - PUBLICATION, DISTRIBUTION, ETC. (IMPRINT)
Place of publication Delhi
Name of publisher Delhi Law Office
Year of publication 1995
300 ## - PHYSICAL DESCRIPTION
Number of Pages 848
546 ## - LANGUAGE NOTE
Language note English
942 ## - ADDED ENTRY ELEMENTS (KOHA)
Source of classification or shelving scheme Dewey Decimal Classification
Koha item type Books
Holdings
Accession Number Source of acquisition Price effective from Koha item type Withdrawn / writtenoff status Damaged status Not for loan Permanent Location Current Location Shelving location Date acquired Lost/ Missing status department
LLB 1003 Donated By Dr. Kiran Chaudhary & Mr. Sushil Chaudhary 12/04/2023 Books       MIET Library, Jammu MIET Library, Jammu 199/1 12/02/2023   BBA LLB